000 00756nam a2200265 i 4500
001 C2-0251149
003 PPAK
005 20180727214638.0
008 030810s2003 my a|||| ||||| | may d
020 _a9838753211
040 _aPPAK
_beng
_cPPAK
_erda
082 0 4 _a499.2386
_223
090 0 0 _a499.2386
_bAHM
_dK
100 0 _aAhmad Azrol Iskandar,
_eauthor
245 1 0 _aBalasan untuk Yassir
264 1 _aKlang, Selangor :
_bPustaka Mawar ,
_c2003
300 _a30 pages :
_bcolour illustrations ;
_c21 cm
336 _2rdacontent
_atext
337 _2rdamedia
_aunmediated
338 _2rdacarrier
_avolume
490 1 _aSiri syukur & kufur
650 1 0 _aMalay language - Readers - Fiction
830 0 _aSiri syukur & kufur
942 _ddc
_cB
999 _c64384
_d64384